Các văn bản sửa đổi , bổ sung, hướng dẫn về lĩnh vực thuế

Na minha lista:
Detalhes bibliográficos
Formato: Livro
Idioma:Undetermined
Publicado em: Hà Nội Tài chính 2004
Assuntos:
Tags: Adicionar Tag
Sem tags, seja o primeiro a adicionar uma tag!
Thư viện lưu trữ: Trung tâm Học liệu Trường Đại học Cần Thơ
LEADER 00558nam a2200193Ia 4500
001 CTU_73781
008 210402s9999 xx 000 0 und d
020 |b 50000 
082 |a 343.59704 
082 |b C101 
245 0 |a Các văn bản sửa đổi , bổ sung, hướng dẫn về lĩnh vực thuế 
260 |a Hà Nội 
260 |b Tài chính 
260 |c 2004 
650 |a taxation 
650 |x law and legislation 
650 |z vietnam 
904 |i Năm 
980 |a Trung tâm Học liệu Trường Đại học Cần Thơ